ბათუმის შოთა რუსთაველის სახელმწიფო უნივერსიტეტის ბიბლიოთეკა

მარადიული შთაგონება. (ბიბ.ჩანაწერი № 41863)

000 -LEADER
fixed length control field 00711nam a2200229Ia 4500
001 - CONTROL NUMBER
control field 8546
003 - CONTROL NUMBER IDENTIFIER
control field GE_BSU
008 - FIXED-LENGTH DATA ELEMENTS--GENERAL INFORMATION
fixed length control field 181216s||||||||xx |||||||||||||| ||und||
040 ## - CATALOGING SOURCE
Transcribing agency GE_BSU
080 ## - UNIVERSAL DECIMAL CLASSIFICATION NUMBER
Universal Decimal Classification number 821.353.1-1
100 ## - MAIN ENTRY--PERSONAL NAME
Personal name ველიჯანაშვილი,ვლადიმერ.
245 ## - TITLE STATEMENT
Title მარადიული შთაგონება.
245 ## - TITLE STATEMENT
Remainder of title ლექსები.
245 ## - TITLE STATEMENT
Statement of responsibility, etc. რედ:ეკა ჩიკაშუა.
260 ## - PUBLICATION, DISTRIBUTION, ETC.
Place of publication, distribution, etc. თბილისი.
260 ## - PUBLICATION, DISTRIBUTION, ETC.
Name of publisher, distributor, etc. მერანი.
260 ## - PUBLICATION, DISTRIBUTION, ETC.
Date of publication, distribution, etc. 1991.
300 ## - PHYSICAL DESCRIPTION
Extent 55გვ;15სმ.
653 ## - INDEX TERM--UNCONTROLLED
Uncontrolled term ლექსები.
653 ## - INDEX TERM--UNCONTROLLED
Uncontrolled term მარადიული შთაგონება.
942 ## - ADDED ENTRY ELEMENTS (KOHA)
Koha item type წიგნი
ეგზემპლარები
Withdrawn status Lost status Damaged status Not for loan Date acquired Barcode Date last seen Price effective from Koha item type
        2018-12-17 30832 2018-12-17 2018-12-17 წიგნი
        2018-12-17 30833 2018-12-17 2018-12-17 წიგნი
        2018-12-17 30834 2018-12-17 2018-12-17 წიგნი